000 00555nam a2200193Ia 4500
008 230125s9999 xx 000 0 und d
020 _a1-84112-248-3
041 _aeng
082 _a658
_bPET
100 _aPettinger R
_9109842
245 _aManaging the Flexible Workforce
260 _c2002
_bCapstone publication
_aLondon
300 _a122p
440 _aEssential Management Thinking At Your Fingertips Series
_9107434
500 _aSeries Book;People Series Book
700 _aPettinger R
_9109842
906 _b24
999 _c88203
_d88203